| Tag |
First Indicator |
Second Indicator |
Subfields |
| LEADER |
00000cam a2200000 a 4500 |
| 001 |
in00000070411 |
| 005 |
20151008061734.0 |
| 008 |
810227s1979 sp 00010 spa d |
| 020 |
|
|
|a 8485022114
|
| 035 |
|
|
|a (OCoLC)07164829
|
| 035 |
|
|
|9 AAJ8712AM
|
| 040 |
|
|
|a EEM
|c EEM
|d TXA
|d UtOrBLW
|
| 043 |
|
|
|a e-sp---
|
| 049 |
|
|
|a TXAM
|c [1406804]
|
| 090 |
|
|
|a PQ6144
|b .A6
|
| 100 |
1 |
|
|a Aparicio López, Teófilo.
|
| 245 |
1 |
0 |
|a Veinte novelistas espanoles contemporaneos :
|b estudios de critica literaria /
|c por Teofilo Aparicio Lopez ; prologo del P. Felix Garcia.
|
| 264 |
|
1 |
|a Valladolid :
|b Sever-Cuesto :
|c 1979.
|
| 264 |
|
2 |
|a Valladolid :
|b Estudio Agustiniano [distributor],
|
| 300 |
|
|
|a 339 pages ;
|c 22 cm.
|
| 336 |
|
|
|a text
|b txt
|2 rdacontent
|
| 337 |
|
|
|a unmediated
|b n
|2 rdamedia
|
| 338 |
|
|
|a volume
|b nc
|2 rdacarrier
|
| 650 |
|
0 |
|a Spanish fiction
|y 20th century
|x History and criticism.
|
| 650 |
|
0 |
|a Novelists, Spanish
|y 20th century.
|
| 999 |
|
|
|a MARS
|
| 999 |
f |
f |
|s 118865df-e747-3af1-9794-473000a249cc
|i 380def17-5898-3c18-948b-b98d2ec96a4c
|t 0
|
| 952 |
f |
f |
|p ric
|a Texas A&M University
|b Rellis Campus
|c Joint Library Facility
|d Remote Storage
|t 0
|e PQ6144 .A6
|h Library of Congress classification
|i unmediated -- volume
|m A14806181322
|
| 998 |
f |
f |
|a PQ6144 .A6
|t 0
|l Remote Storage
|